000 00727nam a2200289Ia 4500
005 20260324124000.0
008 008 260324s9999 xx 000 0 eng d
020 _a9781315711416
037 _aEBOOK
040 _aCRL
040 _beng
040 _cCRL
041 _2eng
041 _aeng
084 _qCRL
100 _aDimitris Platchias
_91172393
245 0 _aPhenomenal Consciousness
245 0 _bUnderstanding the Relation Between Experience and Neural Processes in the Brain
260 _bTaylor and Francis
260 _c2011
365 _a
365 _b230
856 _uhttp://www.taylorfrancis.com/books/9781315711416
942 _cEBOOK
999 _c1766386
_d1766386